[Event "AUTO-INT-2121"]
[Site "http://www.queenalice.com/game.php?id=975153"]
[Date "2011.8.21"]
[Round "1"]
[White "papyrusmoon"]
[Black "horsemen"]
[Result "0-1"]
[WhiteElo "1544"]
[BlackElo "1398"]

1. e4 b6 2. d4 Bb7 3. Bb5 e6 4. Nf3 c5 5. O-O Bxe4 6. Ne5 Bd6 7. Qe2 Nf6 8. Bg5
cxd4 9. Nc4 Bc5 10. Qd2 O-O 11. Re1 d5 12. Ne5 Qc7 13. Nc4 dxc4 14. c3 Bb7 15.
cxd4 Bd6 16. b3 Bxh2+ 17. Kh1 cxb3 18. axb3 Ne4 19. Qb4 Nd7 20. d5 exd5 21. f3
Qg3 22. fxe4 Nc5 23. Re3 Qxg5 24. Kxh2 Qxe3 25. exd5 Nxb3 26. Ra3 Bxd5 27. Nc3
Qf2 28. Ra2 Nd2 29. Nd1 Qxg2# 0-1

[Event "AUTO-INT-2121"]
[Site "http://www.queenalice.com/game.php?id=975154"]
[Date "2011.8.21"]
[Round "1"]
[White "horsemen"]
[Black "papyrusmoon"]
[Result "1-0"]
[WhiteElo "1400"]
[BlackElo "1543"]

1. g3 e5 2. Bg2 Nf6 3. b3 d5 4. Bb2 Nc6 5. Nf3 Bb4 6. c4 Bg4 7. O-O O-O 8. d3 e4
9. dxe4 Nxe4 10. cxd5 Na5 11. Nh4 Qe7 12. Qd4 Bxe2 13. Re1 Bxe1 14. Bxe4 c5 15.
Qxg7# 1-0

[Event "AUTO-INT-2121"]
[Site "http://www.queenalice.com/game.php?id=975171"]
[Date "2011.8.21"]
[Round "1"]
[White "horsemen"]
[Black "rbivanov"]
[Result "1-0"]
[WhiteElo "1420"]
[BlackElo "1610"]

1. g3 e5 2. Bg2 Nf6 3. f4 Nc6 4. c3 d5 5. b4 Bd6 6. Ba3 b6 7. Qa4 Bb7 8. Nf3 O-O
9. fxe5 Bxe5 10. Nxe5 Nxe5 11. O-O Re8 12. Rf5 Nc4 13. Bc1 Rxe2 14. Qb5 c6 15.
Qa4 Qd7 16. Rf2 Rxf2 17. Kxf2 Re8 18. Qxa7 Ne4+ 19. Bxe4 dxe4 20. Na3 Qf5+ 21.
Kg2 Nxa3 22. Qxb7 Nc2 23. Qxc6 Rc8 24. Qxb6 Nxa1 25. a4 1-0

[Event "AUTO-INT-2121"]
[Site "http://www.queenalice.com/game.php?id=975172"]
[Date "2011.8.21"]
[Round "1"]
[White "rbivanov"]
[Black "horsemen"]
[Result "1-0"]
[WhiteElo "1582"]
[BlackElo "1421"]

1. e4 Nf6 2. Nc3 g6 3. e5 Nh5 4. Bc4 Bg7 5. d4 b6 6. Nf3 d6 7. O-O Nc6 8. Ng5 f6
9. Nf7 Qd7 10. Nxh8 d5 11. Bxd5 Ba6 12. Re1 Bxh8 13. exf6 Bxf6 14. Ne4 Bxd4 15.
Bxc6 Qxc6 16. Qxd4 Rd8 17. Qh8+ Kf7 18. Qxh7+ Ng7 19. Ng5+ Kf6 20. Ne4+ Kf7 21.
Bh6 Rg8 22. Bxg7 Rxg7 23. Ng5+ Kf6 24. Qh4 Qxc2 25. Re6+ Kf5 26. Qh3+ Kxg5 27.
g3 Qxb2 28. f4# 1-0

[Event "AUTO-INT-2121"]
[Site "http://www.queenalice.com/game.php?id=975173"]
[Date "2011.8.21"]
[Round "1"]
[White "horsemen"]
[Black "oldfool"]
[Result "0-1"]
[WhiteElo "1422"]
[BlackElo "1498"]

1. g3 Nc6 2. Bg2 d5 3. b3 Nf6 4. Bb2 e5 5. c4 d4 6. Nf3 e4 7. Nh4 g5 8. f3 gxh4
9. gxh4 exf3 10. Bxf3 Ne5 11. Bg2 Nfg4 12. h3 Nf6 13. O-O Rg8 14. Qc2 Bxh3 15.
Rf2 Bc5 16. Kh2 d3 17. Qc3 Bxf2 18. Bxb7 Nfg4+ 19. Kxh3 Qxh4+ 20. Kg2 Nh2+ 21.
Kh1 Rg1# 0-1

[Event "AUTO-INT-2121"]
[Site "http://www.queenalice.com/game.php?id=975174"]
[Date "2011.8.21"]
[Round "1"]
[White "oldfool"]
[Black "horsemen"]
[Result "1-0"]
[WhiteElo "1534"]
[BlackElo "1409"]

1. d4 Nc6 2. Nf3 d6 3. e4 e5 4. d5 Nb4 5. a3 Na6 6. Bxa6 bxa6 7. h3 Be7 8. O-O
Nf6 9. Nc3 O-O 10. Nh4 Bd7 11. f4 Qb8 12. f5 Qb6+ 13. Kh2 g6 14. Rf3 c5 15. Bd2
Qxb2 16. Ra2 Qb7 17. Ne2 Nxe4 18. Bh6 Bxh4 19. Bxf8 Kxf8 20. fxg6 hxg6 21. g3
Qxd5 22. Qxd5 Be6 23. Qxa8+ Kg7 24. Qxe4 g5 25. gxh4 Bxa2 26. Qb7 d5 27. Qxf7+
Kh6 28. Rf6# 1-0

[Event "AUTO-INT-2135"]
[Site "http://www.queenalice.com/game.php?id=980867"]
[Date "2011.9.3"]
[Round "1"]
[White "horsemen"]
[Black "el_martinez"]
[Result "0-1"]
[WhiteElo "1329"]
[BlackElo "1294"]

1. Nc3 Nc6 2. g3 d5 3. Bg2 Nf6 4. Nf3 e5 5. e4 Nxe4 6. d3 Nf6 7. a3 Bg4 8. Bg5
h6 9. Bh4 e4 10. dxe4 dxe4 11. O-O Be6 12. Nd2 g5 13. Ndxe4 Nxe4 14. Bxe4 gxh4
15. gxh4 Qxh4 16. Bxc6+ bxc6 17. b4 Bd6 18. f4 Bc4 19. Rf2 Rg8+ 20. Rg2 Bxf4 21.
Qd4 Be6 0-1

[Event "AUTO-INT-2135"]
[Site "http://www.queenalice.com/game.php?id=980868"]
[Date "2011.9.3"]
[Round "1"]
[White "el_martinez"]
[Black "horsemen"]
[Result "1-0"]
[WhiteElo "1311"]
[BlackElo "1312"]

1. e4 c5 2. Nf3 Nc6 3. Nc3 e5 4. Bc4 Nf6 5. Ng5 d5 6. exd5 Na5 7. Bb5+ Nd7 8.
Ne6 fxe6 9. dxe6 Qg5 10. g3 Ke7 11. d3 Qf6 12. exd7 Bxd7 13. f4 exf4 14. Nd5+
Ke6 15. Nc7+ Kd6 16. Bxd7 Kxc7 17. Bg4 fxg3 18. Qf3 gxh2 19. Qf5 Re8+ 20. Kf2
Qd4+ 21. Kg3 Bd6+ 22. Kh4 1-0

[Event "AUTO-INT-2135"]
[Site "http://www.queenalice.com/game.php?id=980869"]
[Date "2011.9.3"]
[Round "1"]
[White "horsemen"]
[Black "sorim"]
[Result "0-1"]
[WhiteElo "1331"]
[BlackElo "1784"]

1. Nf3 c5 2. Nc3 Nc6 3. d4 cxd4 4. Ne4 d5 5. Neg5 h6 6. Nh3 e5 7. c3 dxc3 8.
bxc3 g5 9. Qa4 Bd7 10. Rb1 g4 11. Rxb7 gxf3 0-1

[Event "AUTO-INT-2135"]
[Site "http://www.queenalice.com/game.php?id=980870"]
[Date "2011.9.3"]
[Round "1"]
[White "sorim"]
[Black "horsemen"]
[Result "1-0"]
[WhiteElo "1782"]
[BlackElo "1333"]

1. e4 Nf6 2. e5 Nd5 3. d4 f5 4. exf6 exf6 5. Qh5+ g6 6. Qxd5 Bb4+ 7. c3 Qe7+ 8.
Be3 Ba5 9. Qxa5 Nc6 10. Qxc7 a5 11. Nd2 a4 12. Bc4 Na5 13. Bd5 1-0

[Event "AUTO-INT-2135"]
[Site "http://www.queenalice.com/game.php?id=980871"]
[Date "2011.9.3"]
[Round "1"]
[White "horsemen"]
[Black "saucissonsec"]
[Result "0-1"]
[WhiteElo "1374"]
[BlackElo "1509"]

1. e4 e5 2. Nf3 d6 3. Nc3 Nf6 4. d4 Nc6 5. Bb5 Bd7 6. Bg5 Be7 7. h4 O-O 8. Qd3
a6 9. Bxc6 Bxc6 10. dxe5 dxe5 11. Nxe5 h6 12. Be3 Qxd3 13. cxd3 Rad8 14. d4 Nxe4
15. O-O Bxh4 16. f3 Nxc3 17. bxc3 Rfe8 18. g4 f6 19. Ng6 Rxe3 20. Nxh4 g5 21.
Ng6 Rxf3 22. Ne7+ Kf7 23. Nf5 Kg6 24. Rae1 Rxf1+ 0-1

[Event "AUTO-INT-2135"]
[Site "http://www.queenalice.com/game.php?id=980872"]
[Date "2011.9.3"]
[Round "1"]
[White "saucissonsec"]
[Black "horsemen"]
[Result "1-0"]
[WhiteElo "1520"]
[BlackElo "1363"]

1. e3 Nc6 2. d4 e5 3. d5 Bb4+ 4. Bd2 Bxd2+ 5. Qxd2 Nce7 6. e4 c6 7. d6 Ng6 8.
Bc4 Qf6 9. Nf3 Nh4 10. Nxh4 Qxh4 11. g3 Qxe4+ 12. Qe2 Qxh1+ 13. Qf1 Qxh2 14. Qe2
b5 15. Bd3 a5 16. Nd2 a4 17. O-O-O g6 18. a3 Nf6 19. Be4 Nxe4 20. Nxe4 O-O 21.
Nf6+ Kg7 22. Ng4 Qg2 23. Qxe5+ f6 24. Qe7+ Rf7 25. Qe8 Qf3 26. Nh2 1-0

[Event "Let's Play Chess!"]
[Site "http://www.queenalice.com/game.php?id=984326"]
[Date "2011.9.12"]
[Round "-"]
[White "Huxley"]
[Black "horsemen"]
[Result "1-0"]
[WhiteElo "1796"]
[BlackElo "1390"]

1. e4 e5 2. Nf3 Nc6 3. d4 f6 4. dxe5 fxe5 5. Bc4 Nf6 6. Bg5 Bb4+ 7. c3 Ba5 8.
O-O h6 9. Bxf6 Qxf6 10. Nfd2 a6 11. Bb3 Ne7 12. Nc4 b6 13. Qh5+ Ng6 14. Nxe5
Qxe5 15. Qxg6+ Ke7 16. Qf7+ Kd8 17. Rd1 Qe8 18. Qxg7 Bb7 19. Be6 Qxe6 20. Qxh8+
Qe8 21. Qxe8+ Kxe8 22. b4 Bxb4 23. cxb4 Bxe4 24. Re1 d5 25. f3 a5 26. bxa5 bxa5
27. fxe4 dxe4 28. Rxe4+ Kd8 29. Nc3 a4 30. Rd1+ Kc8 31. Re8+ Kb7 32. Rb1+ Ka7
33. Nb5+ Kb7 34. Nd4+ Ka7 35. Nc6+ Ka6 36. Rxa8# 1-0

[Event "AUTO-INT-2143"]
[Site "http://www.queenalice.com/game.php?id=984851"]
[Date "2011.9.13"]
[Round "1"]
[White "horsemen"]
[Black "Oguh"]
[Result "0-1"]
[WhiteElo "1388"]
[BlackElo "1728"]

1. e4 d5 2. f3 d4 3. c3 c5 4. Ne2 e5 5. g4 g5 6. b4 cxb4 7. cxd4 exd4 8. Bb2 Bg7
9. Qa4+ Nc6 10. Bh3 Qd6 11. O-O Ne7 12. Nxd4 Bxd4+ 13. Bxd4 Qxd4+ 14. Kh1 Qxa1
15. Rc1 O-O 16. Qb5 Qf6 17. d3 Qxf3+ 18. Bg2 Qxg4 19. Nd2 Qe2 20. Qxg5+ Ng6 21.
h4 Qg4 22. Qxg4 Bxg4 23. Nc4 Nxh4 24. Bf1 f5 25. exf5 Rxf5 26. Kh2 Rf3 27. d4
Nxd4 28. Ne5 Rf2+ 29. Kg3 Raf8 30. Kxg4 R2f4+ 31. Kg5 Ne6+ 32. Kh5 Kg7 33. Bc4
R8f5# 0-1

[Event "AUTO-INT-2143"]
[Site "http://www.queenalice.com/game.php?id=984868"]
[Date "2011.9.13"]
[Round "1"]
[White "horsemen"]
[Black "josedesouza"]
[Result "0-1"]
[WhiteElo "1353"]
[BlackElo "1457"]

1. e4 e5 2. c3 Nf6 3. f3 Nc6 4. Bd3 Bc5 5. Qa4 O-O 6. Ne2 a6 7. b4 b5 8. Qb3 Bd6
9. Ba3 Qe8 10. O-O Be7 11. f4 Bc5+ 12. bxc5 Na5 13. Qb4 Nc6 14. Qb3 Rb8 15. fxe5
Nxe5 16. Bc2 c6 17. Nf4 Nc4 18. Bd3 Ne5 19. Be2 a5 20. c4 Ba6 21. cxb5 cxb5 22.
d3 b4 23. Bb2 Qc8 24. d4 Nc6 0-1

[Event "AUTO-INT-2143"]
[Site "http://www.queenalice.com/game.php?id=984869"]
[Date "2011.9.13"]
[Round "1"]
[White "josedesouza"]
[Black "horsemen"]
[Result "1-0"]
[WhiteElo "1397"]
[BlackElo "1414"]

1. e4 e5 2. Nf3 Nc6 3. Nc3 Nf6 4. Bc4 g6 5. Ng5 Qe7 6. Bxf7+ Kd8 7. Bb3 Bh6 8.
Nf7+ Ke8 9. Nxh8 d6 10. Bf7+ Kf8 11. d3 Bxc1 12. Qxc1 Be6 13. Qh6# 1-0

[Event "AUTO-INT-2143"]
[Site "http://www.queenalice.com/game.php?id=984870"]
[Date "2011.9.13"]
[Round "1"]
[White "horsemen"]
[Black "nuage"]
[Result "0-1"]
[WhiteElo "1397"]
[BlackElo "1622"]

1. e4 e5 2. f3 Bc5 3. Ne2 Nf6 4. c4 O-O 5. g4 h6 6. b3 Nc6 7. Bb2 d6 8. Bh3 Nb4
9. Kf1 Nd3 10. Kg2 Nf2 11. Qf1 Nxh1 12. Qxh1 b6 13. Nbc3 h5 14. g5 Nh7 15. Ng3
Qxg5 16. Qe1 Bxh3+ 17. Kxh3 Qf6 18. Nd5 Qxf3 19. Qh1 Ng5+ 20. Kh4 Qg4# 0-1

[Event "AUTO-INT-2143"]
[Site "http://www.queenalice.com/game.php?id=984871"]
[Date "2011.9.13"]
[Round "1"]
[White "nuage"]
[Black "horsemen"]
[Result "1-0"]
[WhiteElo "1680"]
[BlackElo "1406"]

1. Nf3 d6 2. d4 e6 3. e4 Nf6 4. Bd3 Nc6 5. Bb5 Nxe4 6. O-O a6 7. Bd3 f5 8. Re1
d5 9. Bg5 Be7 10. Bxe7 Qxe7 11. c3 O-O 12. Nbd2 Nxd2 13. Qxd2 g6 14. Ng5 Na5 15.
Qf4 Qd6 16. Qh4 c5 17. Qxh7# 1-0